Elements - Backwards! - Statistics

General Stats
  • This quiz has been taken 30 times
    22 since last reset
  • The average score is 30 of 118
Answer Stats
# Symbol Element % Correct
2 He Muileh
89%
1 H Negordyh
84%
8 O Negyxo
68%
5 B Norob
63%
10 Ne Noen
58%
26 Fe Nori
58%
79 Au Dlog
53%
3 Li Muihtil
53%
7 N Negortin
53%
6 C Nobrac
53%
50 Sn Nit
47%
36 Kr Notpyrk
47%
30 Zn Cniz
42%
9 F Eniroulf
42%
11 Na Muidos
42%
12 Mg Muisengam
42%
18 Ar Nogra
42%
82 Pb Dael
37%
25 Mn Esenagnam
37%
28 Ni Lekcin
37%
20 Ca Muiclac
37%
23 V Muidanav
37%
4 Be Muillyreb
37%
32 Ge Muinamreg
37%
39 Y Muirtty
37%
14 Si Nocilis
37%
86 Rn Nodar
37%
54 Xe Nonex
37%
29 Cu Reppoc
37%
47 Ag Revlis
37%
16 S Ruflus
37%
33 As Cinesra
32%
17 Cl Enirolhc
32%
49 In Muidni
32%
31 Ga Muillag
32%
56 Ba Muirab
32%
19 K Muissatop
32%
74 W Netsgnut
32%
15 P Surohpsohp
32%
85 At Enitatsa
26%
87 Fr Muicnarf
26%
88 Ra Muidar
26%
24 Cr Muimorhc
26%
34 Se Muineles
26%
13 Al Muinimula
26%
40 Zr Muinocriz
26%
94 Pu Muinotulp
26%
55 Cs Muisec
26%
57 La Munahtnal
26%
78 Pt Munitalp
26%
118 Og Nossenago
26%
27 Co Tlaboc
26%
80 Hg Yrucrem
26%
53 I Enidoi
21%
35 Br Enimorb
21%
117 Ts Enissennet
21%
83 Bi Htumsib
21%
68 Er Muibre
21%
65 Tb Muibret
21%
95 Am Muicirema
21%
37 Rb Muidibur
21%
77 Ir Muidiri
21%
21 Sc Muidnacs
21%
61 Pm Muihtemorp
21%
60 Nd Muimydoen
21%
92 U Muinaru
21%
22 Ti Muinatit
21%
72 Hf Muinfah
21%
63 Eu Muiporue
21%
62 Sm Muiramas
21%
96 Cm Muiruc
21%
52 Te Muirullet
21%
43 Tc Muitenhcet
21%
38 Sr Muitnorts
21%
73 Ta Mulatnat
21%
51 Sb Ynomitna
21%
41 Nb Muiboin
16%
70 Yb Muibretty
16%
45 Rh Muidohr
16%
102 No Muilebon
16%
97 Bk Muilekreb
16%
81 Tl Muillaht
16%
76 Os Muimso
16%
59 Pr Muimydoesarp
16%
75 Re Muinehr
16%
44 Ru Muinehtur
16%
84 Po Muinolop
16%
58 Ce Muirec
16%
90 Th Muiroht
16%
66 Dy Muisorpsyd
16%
115 Mc Muivocsom
16%
114 Fl Muivorelf
16%
42 Mo Munedbylom
16%
46 Pd Muidallap
11%
104 Rf Muidrofrehtur
11%
69 Tm Muiluht
11%
48 Cd Muimdac
11%
105 Db Muinbud
11%
99 Es Muinietsnie
11%
64 Gd Muinilodag
11%
89 Ac Muinitca
11%
113 Nh Muinohin
11%
98 Cf Muinrofilac
11%
93 Np Muinutpen
11%
107 Bh Muirhob
11%
116 Lv Muiromrevil
11%
108 Hs Muissah
11%
71 Lu Muitetul
11%
103 Lr Muicnerwal
5%
106 Sg Muigrobaes
5%
67 Ho Muimloh
5%
111 Rg Muinegtneor
5%
91 Pa Muinitcatorp
5%
109 Mt Muirentiem
5%
110 Ds Muitdatsmrad
5%
101 Md Muivelednem
5%
112 Cn Muicinrepoc
0%
100 Fm Muimref
0%
No matching quizzes found
Score Distribution
Percent of People with Each Score
Percentile by Number Answered
Your Score History
You have not taken this quiz since the last reset